|
|
|
|
| LEADER |
00000nam a2200000 a 4500 |
| 001 |
1/127341 |
| 008 |
230926m19701973nyu| ||| |||| ||eng|| |
| 020 |
|
|
|a 0394318021
|
| 040 |
|
|
|a GR-MyUa
|b gre
|c GR-MyUa
|e AACR2
|
| 041 |
0 |
|
|a eng
|
| 082 |
7 |
|
|a 940.1
|2 (23)
|
| 100 |
1 |
|
|a Tierney, Brian.
|
| 245 |
1 |
4 |
|a The Middle Ages /
|c Brian Tierney.
|
| 250 |
|
|
|a 2η έκδ.
|
| 260 |
|
|
|a New York :
|b Knopf,
|c 1970-1973.
|
| 300 |
|
|
|a τ. ;
|c 24 εκ.
|
| 504 |
|
|
|a Περιλαμβάνει βιβλιογραφικές παραπομπές.
|
| 505 |
8 |
|
|a Τ. 1. Sources of medieval history
|
| 650 |
|
0 |
|a Middle Ages
|v Sources.
|
| 650 |
|
0 |
|a Middle Ages.
|
| 740 |
4 |
|
|a Sources of medieval history.
|
| 852 |
|
|
|a INST
|b LESVOS
|e 20230926
|h 940.1 TIE
|p 005100065108
|q 005100065108
|t BK
|v τ.1:
|y 0
|
| 970 |
|
|
|a Καμάτσου
|b Δέσποινα
|z 26-09-2023
|